Southville International School and Colleges
Your cart is empty.
  • Cart
  • Lists
    Public lists Eva Luna New books Lux_list list_1
    Your lists Log in to create your own lists
  • Log in to your account
  • Your cookies
  • Search history
Southville International School and Colleges
  • Advanced search
  • Recent comments
  • Most popular
  • Libraries

Log in to your account

Log in with GOOGLE


If you do not have an external account, but do have a local account, you can still log in:

  1. Home
  2. MARC view: Communication matters :
Normal view MARC view ISBD view

Communication matters : (Record no. 25198)

[ view plain ]
MARC details
000 -LEADER
fixed length control field 00881nam a2200241 a 4500
005 - DATE AND TIME OF LATEST TRANSACTION
control field 20140310183608.0
008 - FIXED-LENGTH DATA ELEMENTS--GENERAL INFORMATION
fixed length control field 120713s19uu xx 00 eng d
020 ## - INTERNATIONAL STANDARD BOOK NUMBER
International Standard Book Number 9780415782258
050 ## - LIBRARY OF CONGRESS CALL NUMBER
Classification number P 94.6
Item number .C663 2012
100 ## - MAIN ENTRY--PERSONAL NAME
Personal name Packer, Jeremy
245 ## - TITLE STATEMENT
Title Communication matters :
Remainder of title materialist approaches to media, mobility and networks /
Statement of responsibility, etc edited by Jeremy Packer and Stephen B. Crofts Wiley.
260 ## - PUBLICATION, DISTRIBUTION, ETC. (IMPRINT)
Place of publication, distribution, etc London ; New York :
Name of publisher, distributor, etc Routledge,
Date of publication, distribution, etc 2012
300 ## - PHYSICAL DESCRIPTION
Extent xvi, 297 p. :
Other physical details ill. ;
Dimensions 26 cm.
440 ## - SERIES STATEMENT/ADDED ENTRY--TITLE
Title Shaping inquiry in culture, communication and media studies
500 ## - GENERAL NOTE
General note Includes bibliographical references and index.
521 ## - TARGET AUDIENCE NOTE
Target audience note
650 ## - SUBJECT ADDED ENTRY--TOPICAL TERM
Topical term or geographic name as entry element Mass media and culture.
650 ## - SUBJECT ADDED ENTRY--TOPICAL TERM
Topical term or geographic name as entry element Mass media
General subdivision Social aspects
650 ## - SUBJECT ADDED ENTRY--TOPICAL TERM
Topical term or geographic name as entry element Social interaction
General subdivision Technological innovations
700 ## - ADDED ENTRY--PERSONAL NAME
Personal name Wiley, Stephen B. Crofts
942 ## - ADDED ENTRY ELEMENTS (KOHA)
Koha item type Books
Source of classification or shelving scheme Library of Congress Classification
Call number prefix Foreign
Holdings
Withdrawn status Lost status Source of classification or shelving scheme Damaged status Home library Current library Shelving location Date acquired Total Checkouts Full call number Barcode Date last seen Copy number Price effective from Koha item type
    Library of Congress Classification   College Library College Library Reserve Section 01/11/2014   P 94.6 .C663 2012 C15139 05/15/2018 1 01/11/2014 Books

Communication matters :

APA

Packer J., Wiley S. B. C., . (2012). Communication matters. London ; New York: Routledge.

Chicago

Packer Jeremy, Wiley Stephen B Crofts, . 2012. Communication matters. London ; New York: Routledge.

Harvard

Packer J., Wiley S. B. C., . (2012). Communication matters. London ; New York: Routledge.

MLA

Packer Jeremy, Wiley Stephen B Crofts, . Communication matters. London ; New York: Routledge. 2012.

  • Place hold
  • Print
  • Cite
  • Add to your cart (remove)
  • Save record
    BIBTEX Dublin Core MARCXML MARC (non-Unicode/MARC-8) MARC (Unicode/UTF-8) MARC (Unicode/UTF-8, Standard) MODS (XML) RIS
  • More searches
    Search for this title in:
    Other Libraries (WorldCat) Other Databases (Google Scholar) Online Stores (Bookfinder.com) Open Library (openlibrary.org)

Exporting to Dublin Core...

SOUTHVILLE LIBRARY

Southville International School and Colleges Library

1281 Tropical Ave. Cor. Luxembourg St., BF Homes International, Las Pinas City

Tel. No. 8256374 / 252358 Loc. 117/146

Powered by Koha